LEADER 00611nab a2200145 i 4500 001 000000279171 003 CaOOAMICUS 005 20180831165121.0 008 180831n xx uu u0 0und r 013 $a30659 040 $aSeMil$bita 245 10$a[vedi periodico]. 500 $aAvril-Juin 2013. 773 0 $t2013 : 2 Le quotidien du communisme : Misère et enrichissement : Transformations culturelles : Inégalités et justice ; Europe centrale et orientale : Communisme.$dParis : Éd. de l'EHESS, copyr. 2013.$z978-2-7132-2370-9$z978-2-2009-2829-2$w()220511 996 $6245$a[vedi periodico]$9(OLS)http://semarc/title/309439 LEADER 01017nam a2200205 i 4500 001 000000052958 003 CaOOAMICUS 005 20120727000000.0 008 120727s1983 it u000 u ita u 013 $a24130 040 $aSeMil$bita 245 10$aEnti di assistenza ed enti ecclesiastici (1890-1977) :$buna ricerca di legislazione, dottrina, prassi amministrativa e giurisprudenza /$ca cura di Lorenzo Spinelli Professore ordinario nell'Università di Roma. 260 $aModena :$bMucchi,$cstampa 1983. 300 $a270 p. ;$c25 cm. 650 4$aAssistenza sociale.$0(OLS)http://semarc/subject/1698 650 4$aIPAB.$0(OLS)http://semarc/subject/10918 850 $aSeMil 852 $aSeMil$W1$xVenegono$y1$m2H II 157$j19112$B19112$CSeMilBibl$Z2$F19114 $81 996 $6245$aEnti di assistenza ed enti ecclesiastici (1890-1977) :$buna ricerca di legislazione, dottrina, prassi amministrativa e giurisprudenza$9(OLS)http://semarc/title/81448 996 $6260$aModena :$bMucchi$9(OLS)http://semarc/publisher/34677